000 00883cas a2200253 a 4500
001 11438198
003 CO-ViMGA
005 20250801162558.0
008 890905u198uuuuuck uu p 0 0spa c
040 _aCO-ViMGA
_bspa
_cCO-ViMGA
043 _as-ck---
082 0 4 _aFr 59
_bA11r
245 0 0 _aRevista de la Academia de Historia del Meta /
_cAcademia de historia del meta.
246 1 8 _aRevista
_f<año 1, no. 01, 2a. ed.>
260 _aBogotá, Colombia :
_bLa Academia
300 _av. :
_bill. ;
_c20-21 cm.
590 _aSERBIB/SERLOC merged record
651 0 _aColombia
_xHistory
_vPeriodicals.
_99764
651 0 _aMeta (Colombia)
_xHistory
_vPeriodicals.
_99763
710 2 _aAcademia de Historia del Meta (Colombia)
_99765
942 _2ddc
_cBK
_hFr 59 A11r
999 _c38018
_d38018